Baťův systém
Myšlienkový proces Tomáša Baťu. Metódy riadenia v Baťovej firme. Zásady účasti na zisku. Zaujímavosti s Baťovho života.
Enregistré dans:
| Auteur principal: | |
|---|---|
| Format: | Chapitre de livre |
| Langue: | tchèque |
| Sujets: | |
| Tags: |
Pas de tags, Soyez le premier à ajouter un tag!
|
MARC
| LEADER | 00000naa a2200000 4500 | ||
|---|---|---|---|
| 001 | r047492 | ||
| 005 | 20230808082730.6 | ||
| 041 | 0 | |a cze | |
| 044 | |a SK | ||
| 245 | 1 | 0 | |a Baťův systém |c Jiří Frýdecký |
| 520 | |a Myšlienkový proces Tomáša Baťu. Metódy riadenia v Baťovej firme. Zásady účasti na zisku. Zaujímavosti s Baťovho života. | ||
| 610 | 2 | 0 | |a riadenie podnikové |
| 610 | 2 | 0 | |a systémy riadenia |
| 610 | 2 | 0 | |a Baťa, T. |
| 100 | 1 | |a Frýdecký, Jiří | |